[Event "Irish Championship 2012"]
[Site "Dublin IRL"]
[Date "2012.07.12"]
[Round "6.5"]
[White "King, Melvyn"]
[Black "Cafolla, Peter"]
[Result "0-1"]
[WhiteElo "1956"]
[BlackElo "1995"]
[WhiteICU "1716"]
[BlackICU "1914"]
[WhiteClub "Malahide"]
[WhiteNationality "IRL"]
[BlackNationality "IRL"]
[WhiteFideId "2503379"]
[BlackFideId "2500884"]
[PlyCount "64"]
[EventDate "2012.07.07"]
[Source "Tournament web site"]

{ Event information: <a
href="https://www.irlchess.com/irlch2012_allfiles/pairings_irlch2012.html">Tournament
report</a>. }

1. e4 c5 2. Nc3 a6 3. f4 b5 4. Nf3 Bb7 5. d3 e6 6. g3 d5 7. exd5 exd5 8.
Qe2+ Be7 9. Bg2 Nf6 10. O-O O-O 11. Kh1 Re8 12. h3 b4 13. Nd1 Qc7 14. Qf2
Bd6 15. c3 a5 16. Nd2 Nbd7 17. c4 Re7 18. Ne3 Rae8 19. Re1 h5 20. Nc2 Rxe1+
21. Nxe1 h4 22. Ndf3 hxg3 23. Qxg3 Nh5 24. Qg5 Nxf4 25. Bd2 Nxg2 26. Qxg2
dxc4 27. dxc4 Re6 28. Rd1 Rg6 29. Qe2 Ne5 30. Be3 Qc8 31. Qf1 Qf5 32. Qd3
Qxh3# 0-1

[Event "Irish Championship 2012"]
[Site "Dublin IRL"]
[Date "2012.07.12"]
[Round "6.6"]
[White "Gedvilaite, Monika"]
[Black "O'Rourke, Ray"]
[Result "1-0"]
[WhiteElo "1954"]
[BlackElo "2029"]
[WhiteICU "1965"]
[BlackICU "1883"]
[BlackClub "Bray/Greystones"]
[WhiteNationality "IRL"]
[BlackNationality "IRL"]
[WhiteFideId "12809780"]
[BlackFideId "2501023"]
[PlyCount "65"]
[EventDate "2012.07.07"]
[Source "Tournament web site"]

{ Event information: <a
href="https://www.irlchess.com/irlch2012_allfiles/pairings_irlch2012.html">Tournament
report</a>. }

1. e4 c5 2. Nf3 d6 3. d4 cxd4 4. Nxd4 Nf6 5. Nc3 a6 6. Bc4 e6 7. Bb3 Be7 8.
O-O Qc7 9. Be3 Nc6 10. f4 Bd7 11. Qf3 O-O-O 12. a4 Nxd4 13. Bxd4 Bc6 14. a5
Rdf8 15. Bb6 Qb8 16. Ba4 Nd7 17. Bxc6 bxc6 18. Na4 Bd8 19. Bxd8 Kxd8 20.
Qc3 Qc7 21. Rad1 Ke7 22. Rd3 Nf6 23. e5 Nd5 24. Qa3 Rd8 25. c4 Qa7+ 26. Kh1
f6 27. cxd5 cxd5 28. Nb6 Qb8 29. Rc1 fxe5 30. fxe5 Rhf8 31. Rdc3 Kf7 32.
Rc7+ Kg8 33. exd6 1-0

[Event "Irish Championship 2012"]
[Site "Dublin IRL"]
[Date "2012.07.12"]
[Round "6.7"]
[White "Freeman, Gordon"]
[Black "Janusaitis, Mindaugas"]
[Result "1-0"]
[WhiteElo "2140"]
[BlackElo "2002"]
[WhiteICU "2107"]
[BlackICU "1948"]
[WhiteClub "Gonzaga"]
[BlackClub "Rathmines"]
[WhiteNationality "IRL"]
[BlackNationality "LTU"]
[WhiteFideId "2501309"]
[BlackFideId "12802530"]
[PlyCount "71"]
[EventDate "2012.07.07"]
[Source "Tournament web site"]

{ Event information: <a
href="https://www.irlchess.com/irlch2012_allfiles/pairings_irlch2012.html">Tournament
report</a>. }

1. e4 c5 2. Nf3 d6 3. Bc4 e6 4. Qe2 Ne7 5. Nc3 Nbc6 6. d3 a6 7. a4 Nd4 8.
Nxd4 cxd4 9. Nb1 g6 10. h4 Bg7 11. h5 Nc6 12. hxg6 hxg6 13. Rxh8+ Bxh8 14.
Nd2 Qh4 15. Nf3 Qh1+ 16. Qf1 Qh5 17. Bd2 Ne5 18. Nxe5 Bxe5 19. f4 Bf6 20.
Bb4 d5 21. exd5 exd5 22. Bb3 Be6 23. a5 O-O-O 24. Kd2 g5 25. f5 Bd7 26. Qe2
g4 27. Rf1 Re8 28. Qf2 Bg5+ 29. Kd1 Re3 30. g3 Rf3 31. Qg2 Bc6 32. Rh1 Rxg3
33. Rxh5 Rxg2 34. Rxg5 g3 35. Ke1 Rg1+ 36. Ke2 1-0

[Event "Irish Championship 2012"]
[Site "Dublin IRL"]
[Date "2012.07.13"]
[Round "7.1"]
[White "Firstov, Juri"]
[Black "Redmond, John P."]
[Result "1-0"]
[WhiteElo "2247"]
[BlackElo "2234"]
[WhiteICU "2218"]
[BlackICU "2163"]
[WhiteClub "Phibsboro"]
[BlackClub "Atticus ENG"]
[WhiteNationality "EST"]
[BlackNationality "IRL"]
[WhiteFideId "4501233"]
[BlackFideId "2500051"]
[PlyCount "81"]
[EventDate "2012.07.07"]
[Source "Tournament web site"]

{ Event information: <a
href="https://www.irlchess.com/irlch2012_allfiles/pairings_irlch2012.html">Tournament
report</a>. } { Other information: Video: <a
href="https://www.youtube.com/watch?v=fsr82prI6fM">2012 Irish Chess
Championships Big Clash in round 7</a>, (5m. 46s.), Colm Daly, YouTube,
July 17, 2012 including three moments from this game (after 14. Qg4, 31.
Rxh6, and 39... Rb3). }

1. Nf3 d6 2. e4 Nf6 3. Nc3 g6 4. d4 Bg7 5. h3 O-O 6. Be3 c6 7. Bd3 Nbd7 8.
O-O Qc7 9. a4 b6 10. Nd2 a6 11. f4 Bb7 12. e5 Ne8 13. Nce4 e6 14. Qg4 Qd8
15. Ng5 Qe7 16. Rae1 c5 17. c3 Rd8 18. Bb1 cxd4 19. cxd4 Bd5 20. h4 f5 21.
exf6 Ndxf6 22. Qh3 Bh6 23. g4 Nc7 24. f5 gxf5 25. gxf5 Kh8 26. fxe6 Rg8 27.
Kh2 Nxe6 28. Bf4 Nxf4 29. Rxe7 Nxh3 30. Rxf6 Nxg5 31. Rxh6 Rg7 32. Rxg7
Kxg7 33. hxg5 Re8 34. Rxd6 Re2+ 35. Kg3 Bf7 36. Nf3 Rxb2 37. Bd3 b5 38.
Rxa6 bxa4 39. Rxa4 Rb3 40. Be4 h6 41. Ra7 1-0

[Event "Irish Championship 2012"]
[Site "Dublin IRL"]
[Date "2012.07.13"]
[Round "7.4"]
[White "Gedvilaite, Monika"]
[Black "Daly, Colm"]
[Result "0-1"]
[BlackTitle "FM"]
[WhiteElo "1954"]
[BlackElo "2327"]
[WhiteICU "1965"]
[BlackICU "2280"]
[BlackClub "Bray/Greystones"]
[WhiteNationality "IRL"]
[BlackNationality "IRL"]
[WhiteFideId "12809780"]
[BlackFideId "2500434"]
[PlyCount "98"]
[EventDate "2012.07.07"]
[Source "Tournament web site"]

{ Event information: <a
href="https://www.irlchess.com/irlch2012_allfiles/pairings_irlch2012.html">Tournament
report</a>. }

1. e4 c5 2. Nc3 Nc6 3. g3 g6 4. Bg2 Bg7 5. d3 d6 6. f4 Rb8 7. a4 a6 8. Nf3
Bg4 9. h3 Bxf3 10. Bxf3 e6 11. O-O Nge7 12. Ne2 b5 13. axb5 axb5 14. c3 b4
15. Be3 O-O 16. d4 cxd4 17. cxd4 d5 18. e5 Qb6 19. Qd3 Ra8 20. g4 Rfc8 21.
Ng3 f5 22. gxf5 Nxf5 23. Nxf5 gxf5 24. Rfc1 Rxa1 25. Rxa1 Na5 26. Rc1 Rxc1+
27. Bxc1 Bf8 28. b3 Be7 29. Bb2 Bh4 30. Qc2 Nc6 31. Qd2 Qa7 32. Qe3 Qg7+
33. Bg2 Qg3 34. Bc1 Qe1+ 35. Bf1 Nxd4 36. Qxd4 Qxc1 37. Qxb4 Qe3+ 38. Kh1
Bg3 39. Qb5 Qf3+ 40. Bg2 Qh5 41. Qa6 Kg7 42. Qa7+ Kh6 43. Qa6 Qd1+ 44. Bf1
Kh5 45. Kg2 Kh4 46. Qa7 Qd2+ 47. Be2 Qxe2+ 48. Kg1 Kxh3 49. Qxh7+ Bh4 0-1

[Event "Irish Championship 2012"]
[Site "Dublin IRL"]
[Date "2012.07.13"]
[Round "7.6"]
[White "Courtney, John"]
[Black "Freeman, Gordon"]
[Result "1-0"]
[WhiteElo "1962"]
[BlackElo "2140"]
[WhiteICU "1849"]
[BlackICU "2107"]
[WhiteClub "Kilkenny"]
[BlackClub "Gonzaga"]
[WhiteNationality "IRL"]
[BlackNationality "IRL"]
[WhiteFideId "2502380"]
[BlackFideId "2501309"]
[PlyCount "81"]
[EventDate "2012.07.07"]
[Source "Tournament web site"]

{ Event information: <a
href="https://www.irlchess.com/irlch2012_allfiles/pairings_irlch2012.html">Tournament
report</a>. }

1. d4 e6 2. c4 Bb4+ 3. Nc3 f5 4. g3 Bxc3+ 5. bxc3 Nc6 6. c5 Nf6 7. Bg2 O-O
8. Nf3 Ne4 9. Qc2 b6 10. cxb6 axb6 11. c4 Bb7 12. O-O g5 13. Bb2 g4 14. Ne1
Qe7 15. Nd3 Nb4 16. Nxb4 Qxb4 17. a3 Qa4 18. Qc1 d6 19. d5 e5 20. f4 gxf3
21. Bxf3 Nc5 22. Qg5+ Kh8 23. Rac1 Qb3 24. Ba1 Qxa3 25. Qe7 Qe3+ 26. Kg2
Rac8 27. Bc3 Ba6 28. Bb4 Qb3 29. Bd2 Qa4 30. Bh6 Qd7 31. Bxf8 Qxe7 32. Bxe7
Nb3 33. Rc2 Re8 34. Bf6+ Kg8 35. Bh5 Ra8 36. Ra2 h6 37. Bg6 Nc5 38. Rfa1
Rf8 39. Be7 Bxc4 40. Bxf8 Bxd5+ 41. Kf1 1-0

[Event "Irish Championship 2012"]
[Site "Dublin IRL"]
[Date "2012.07.13"]
[Round "7.7"]
[White "Janusaitis, Mindaugas"]
[Black "O'Rourke, Ray"]
[Result "0-1"]
[WhiteElo "2002"]
[BlackElo "2029"]
[WhiteICU "1948"]
[BlackICU "1883"]
[WhiteClub "Rathmines"]
[BlackClub "Bray/Greystones"]
[WhiteNationality "LTU"]
[BlackNationality "IRL"]
[WhiteFideId "12802530"]
[BlackFideId "2501023"]
[PlyCount "68"]
[EventDate "2012.07.07"]
[Source "Tournament web site"]

{ Event information: <a
href="https://www.irlchess.com/irlch2012_allfiles/pairings_irlch2012.html">Tournament
report</a>. }

1. b4 d5 2. Bb2 Nf6 3. Nf3 e6 4. a3 Be7 5. g3 O-O 6. Bg2 c5 7. bxc5 Bxc5 8.
O-O Nc6 9. d4 Bd6 10. Nbd2 Bd7 11. c4 Rc8 12. Re1 Ne4 13. Nxe4 dxe4 14. Nd2
f5 15. e3 Be8 16. c5 Be7 17. f3 Bh5 18. Qb3 exf3 19. Nxf3 Qd7 20. Rab1 Kh8
21. Ba1 Rc7 22. Nd2 f4 23. gxf4 Bh4 24. Rec1 e5 25. f5 exd4 26. exd4 Nxd4
27. Qd5 Ne2+ 28. Kh1 Nxc1 29. Rxc1 Qxd5 30. Bxd5 Rd7 31. Nf3 Bf6 32. Bxf6
Rxd5 33. Ng5 gxf6 34. Ne6 Rg8 0-1

[Event "Irish Championship 2012"]
[Site "Dublin IRL"]
[Date "2012.07.14"]
[Round "8.1"]
[White "Firstov, Juri"]
[Black "Fitzsimons, David"]
[Result "1/2-1/2"]
[WhiteElo "2247"]
[BlackElo "2293"]
[WhiteICU "2218"]
[BlackICU "2258"]
[WhiteClub "Phibsboro"]
[BlackClub "Elm Mount"]
[WhiteNationality "EST"]
[BlackNationality "IRL"]
[WhiteFideId "4501233"]
[BlackFideId "2501961"]
[PlyCount "47"]
[EventDate "2012.07.07"]
[Source "Tournament web site"]

{ Event information: <a
href="https://www.irlchess.com/irlch2012_allfiles/pairings_irlch2012.html">Tournament
report</a>. }

1. d4 Nf6 2. Nf3 c5 3. c4 cxd4 4. Nxd4 e5 5. Nb5 d5 6. cxd5 Bc5 7. e3 O-O
8. Be2 Nbd7 9. a3 a6 10. b4 axb5 11. bxc5 Nxc5 12. Bb2 Qxd5 13. Qxd5 Nxd5
14. Nc3 Be6 15. Bxb5 Ra5 16. Be2 Nb3 17. Rd1 Rc8 18. Nxd5 Bxd5 19. O-O Rc2
20. Bf3 Nd2 21. Rxd2 Rxd2 22. Bc3 Bxf3 23. Bxd2 Rd5 24. Bb4 1/2-1/2

[Event "Irish Championship 2012"]
[Site "Dublin IRL"]
[Date "2012.07.14"]
[Round "8.2"]
[White "Redmond, John P."]
[Black "Daly, Colm"]
[Result "0-1"]
[BlackTitle "FM"]
[WhiteElo "2234"]
[BlackElo "2327"]
[WhiteICU "2163"]
[BlackICU "2280"]
[WhiteClub "Atticus ENG"]
[BlackClub "Bray/Greystones"]
[WhiteNationality "IRL"]
[BlackNationality "IRL"]
[WhiteFideId "2500051"]
[BlackFideId "2500434"]
[PlyCount "84"]
[EventDate "2012.07.07"]
[Source "Tournament web site"]

{ Event information: <a
href="https://www.irlchess.com/irlch2012_allfiles/pairings_irlch2012.html">Tournament
report</a>. }

1. c4 g6 2. Nc3 Bg7 3. d4 Nf6 4. Nf3 d6 5. g3 O-O 6. Bg2 c6 7. O-O Qa5 8.
e4 Bg4 9. h3 Bxf3 10. Bxf3 a6 11. Rb1 c5 12. dxc5 Qxc5 13. Be3 Qc8 14. Bg2
Nc6 15. Rc1 Qd8 16. Qe2 Nd7 17. Rfd1 Qa5 18. a3 Rfc8 19. Nd5 e6 20. Bd2 Qd8
21. Nc3 Nd4 22. Qf1 Ne5 23. Be3 Nb3 24. c5 Nxc1 25. Rxd6 Qe7 26. Bxc1 Rxc5
27. Qd1 Rc6 28. Rd4 Rcc8 29. f4 Nc6 30. Rd3 Bxc3 31. Rxc3 Rd8 32. Qf1 Rac8
33. e5 Nd4 34. Rxc8 Rxc8 35. Be3 Nf5 36. Bb6 Nxg3 37. Qd3 Nf5 38. Kh2 Qh4
39. Qf3 Rc2 40. b4 h5 41. a4 Qe1 42. Qd3 Rd2 0-1

[Event "Irish Championship 2012"]
[Site "Dublin IRL"]
[Date "2012.07.14"]
[Round "8.4"]
[White "Freeman, Gordon"]
[Black "O'Connell, Gerard"]
[Result "0-1"]
[WhiteElo "2140"]
[BlackElo "2140"]
[WhiteICU "2107"]
[BlackICU "2106"]
[WhiteClub "Gonzaga"]
[BlackClub "St. Benildus"]
[WhiteNationality "IRL"]
[BlackNationality "IRL"]
[WhiteFideId "2501309"]
[BlackFideId "2500493"]
[PlyCount "86"]
[EventDate "2012.07.07"]
[Source "Tournament web site"]

{ Event information: <a
href="https://www.irlchess.com/irlch2012_allfiles/pairings_irlch2012.html">Tournament
report</a>. }

1. e4 c5 2. Nc3 Nc6 3. g3 g6 4. Bg2 Bg7 5. d3 e6 6. Be3 d6 7. f4 Nge7 8.
Nf3 Rb8 9. O-O Nd4 10. Qd2 O-O 11. Rae1 b5 12. e5 Nef5 13. Bf2 Bb7 14. Ne4
dxe5 15. fxe5 Nxf3+ 16. Bxf3 Bxe5 17. Bxc5 Bd4+ 18. Bxd4 Qxd4+ 19. Kh1 Qxb2
20. Rb1 Qe5 21. Qa5 Bxe4 22. Bxe4 Qc5 23. Bxf5 exf5 24. Qd2 Rfc8 25. Rf2
Qd5+ 26. Kg1 Qxa2 27. Rbf1 Qe6 28. Qh6 Qb6 29. Kh1 Rc5 30. g4 Qc6+ 31. Kg1
Rxc2 32. gxf5 Rxf2 33. Rxf2 Rc8 34. Qh4 Qd5 35. f6 Rc1+ 36. Rf1 Rxf1+ 37.
Kxf1 Qxd3+ 38. Ke1 Qc3+ 39. Kf2 Qd2+ 40. Kg1 Qc1+ 41. Kg2 Qb2+ 42. Kh1 Qe5
43. Qf2 h6 0-1

[Event "Irish Championship 2012"]
[Site "Dublin IRL"]
[Date "2012.07.14"]
[Round "8.5"]
[White "King, Melvyn"]
[Black "Brady, Stephen"]
[Result "0-1"]
[BlackTitle "FM"]
[WhiteElo "1956"]
[BlackElo "2368"]
[WhiteICU "1716"]
[BlackICU "2372"]
[WhiteClub "Malahide"]
[BlackClub "Phibsboro"]
[WhiteNationality "IRL"]
[BlackNationality "IRL"]
[WhiteFideId "2503379"]
[BlackFideId "2500124"]
[PlyCount "81"]
[EventDate "2012.07.07"]
[Source "Tournament web site"]

{ Event information: <a
href="https://www.irlchess.com/irlch2012_allfiles/pairings_irlch2012.html">Tournament
report</a>. }

1. e4 e6 2. d4 d5 3. exd5 exd5 4. c3 Bd6 5. Nf3 Ne7 6. Bd3 O-O 7. O-O Bg4
8. Nbd2 Bh5 9. Qc2 Bg6 10. Ne5 Bxd3 11. Qxd3 Re8 12. Ndf3 f6 13. Ng4 Nd7
14. b3 c6 15. c4 Nf8 16. c5 Bc7 17. Bd2 Qd7 18. h3 Qf5 19. Qxf5 Nxf5 20.
Ne3 Nxe3 21. Bxe3 Re4 22. b4 g5 23. a4 h5 24. Nd2 Re7 25. Nb3 Ne6 26. Rfe1
Kf7 27. Bd2 Rae8 28. Kf1 f5 29. Bc3 g4 30. hxg4 hxg4 31. g3 Ng5 32. Rxe7+
Rxe7 33. Re1 Ne4 34. Bd2 Ke6 35. Bg5 Rh7 36. Bh4 Kd7 37. Kg2 f4 38. Rc1
fxg3 39. fxg3 Rf7 40. Re1 Rf3 41. Re2 0-1

[Event "Irish Championship 2012"]
[Site "Dublin IRL"]
[Date "2012.07.14"]
[Round "8.6"]
[White "O'Rourke, Ray"]
[Black "Courtney, John"]
[Result "1-0"]
[WhiteElo "2029"]
[BlackElo "1962"]
[WhiteICU "1883"]
[BlackICU "1849"]
[WhiteClub "Bray/Greystones"]
[BlackClub "Kilkenny"]
[WhiteNationality "IRL"]
[BlackNationality "IRL"]
[WhiteFideId "2501023"]
[BlackFideId "2502380"]
[PlyCount "77"]
[EventDate "2012.07.07"]
[Source "Tournament web site"]

{ Event information: <a
href="https://www.irlchess.com/irlch2012_allfiles/pairings_irlch2012.html">Tournament
report</a>. }

1. e4 c5 2. Nf3 d6 3. d4 cxd4 4. Nxd4 Nf6 5. Nc3 a6 6. Bc4 e6 7. Bb3 Nbd7
8. O-O Nc5 9. Qe2 b5 10. Bg5 Bb7 11. Rfe1 b4 12. Nd5 Nxb3 13. axb3 exd5 14.
exd5+ Kd7 15. Nc6 Bxc6 16. dxc6+ Kxc6 17. Qc4+ Kd7 18. Qxf7+ Be7 19. Rad1
Ra7 20. Qe6+ Kc6 21. Rd4 a5 22. Rc4+ Kb5 23. Qe2 d5 24. Rc8+ Kb6 25. Rxd8
Rxd8 26. h4 h6 27. Be3+ Bc5 28. Bxc5+ Kxc5 29. Qe3+ d4 30. Qd3 Kc6 31. Qc4+
Kb7 32. Re7+ Rd7 33. Rxd7+ Nxd7 34. Qxd4 Nf6 35. g4 Ra8 36. g5 hxg5 37.
hxg5 Ne8 38. Qd5+ Kb8 39. f4 1-0

[Event "Irish Championship 2012"]
[Site "Dublin IRL"]
[Date "2012.07.15"]
[Round "9.1"]
[White "Brady, Stephen"]
[Black "Cafolla, Peter"]
[Result "1-0"]
[WhiteTitle "FM"]
[WhiteElo "2368"]
[BlackElo "1995"]
[WhiteICU "2372"]
[BlackICU "1914"]
[WhiteClub "Phibsboro"]
[WhiteNationality "IRL"]
[BlackNationality "IRL"]
[WhiteFideId "2500124"]
[BlackFideId "2500884"]
[PlyCount "65"]
[EventDate "2012.07.07"]
[Source "Tournament web site"]

{ Event information: <a
href="https://www.irlchess.com/irlch2012_allfiles/pairings_irlch2012.html">Tournament
report</a>. } { Reference: <em>Irish Examiner</em>, July 28, 2012 p. 18
(Jim Olney). }

1. e4 c5 2. c3 d5 3. exd5 Qxd5 4. d4 Nc6 5. Nf3 Bg4 6. Be2 cxd4 7. cxd4 e6
8. Nc3 Qa5 9. d5 exd5 10. Nd4 Bxe2 11. Qxe2+ Be7 12. Nxc6 bxc6 13. O-O Rd8
14. Re1 Rd7 15. Qg4 g6 16. b4 Qd8 17. Qd4 f6 18. b5 c5 19. Qxc5 d4 20. Na4
Qa5 21. Qc8+ Rd8 22. Qc6+ Rd7 23. Ba3 Qxa4 24. Bxe7 Nxe7 25. Rxe7+ Kxe7 26.
Re1+ Kd8 27. Qxf6+ Kc8 28. Qc6+ Rc7 29. Qa8+ Kd7 30. Qxh8 Qc4 31. Qf6 Qd5
32. Re7+ Kc8 33. Re8+ 1-0

[Event "Irish Championship 2012"]
[Site "Dublin IRL"]
[Date "2012.07.15"]
[Round "9.3"]
[White "Killane, Jack"]
[Black "Firstov, Juri"]
[Result "0-1"]
[WhiteElo "2011"]
[BlackElo "2247"]
[WhiteICU "1794"]
[BlackICU "2218"]
[WhiteClub "Rathmines"]
[BlackClub "Phibsboro"]
[WhiteNationality "IRL"]
[BlackNationality "EST"]
[WhiteFideId "2500949"]
[BlackFideId "4501233"]
[PlyCount "94"]
[EventDate "2012.07.07"]
[Source "Tournament web site"]

{ Event information: <a
href="https://www.irlchess.com/irlch2012_allfiles/pairings_irlch2012.html">Tournament
report</a>. }

1. e4 Nc6 2. Nf3 d6 3. d4 Nf6 4. Nc3 g6 5. Be2 Bg7 6. O-O O-O 7. h3 d5 8.
exd5 Nxd5 9. Nxd5 Qxd5 10. Be3 Rd8 11. c3 b6 12. Qd2 Bb7 13. Rfd1 e6 14.
Ne1 Na5 15. b3 Qd7 16. Nd3 Nc6 17. Bf3 Rab8 18. Qe2 Qe7 19. Rac1 Ba8 20.
Bf4 Rbc8 21. Be4 Na5 22. Bxa8 Rxa8 23. Qf3 f6 24. c4 Qd7 25. c5 Nc6 26.
cxb6 Nxd4 27. Qe3 cxb6 28. Rc7 Qd5 29. Nb2 e5 30. Bh6 Rd7 31. Rxd7 Qxd7 32.
Bxg7 Kxg7 33. f4 Qf5 34. fxe5 fxe5 35. Nc4 Nc6 36. Nd6 Qf4 37. Qc3 Nd4 38.
Qc7+ Kg8 39. Nc4 Ne2+ 40. Kh1 Ng3+ 41. Kg1 Ne2+ 42. Kh1 e4 43. Ne5 Ng3+ 44.
Kg1 Rf8 45. Rd7 Ne2+ 46. Kh1 Qf1+ 47. Kh2 Qg1# 0-1

[Event "Irish Championship 2012"]
[Site "Dublin IRL"]
[Date "2012.07.15"]
[Round "9.4"]
[White "Daly, Colm"]
[Black "O'Rourke, Ray"]
[Result "1-0"]
[WhiteTitle "FM"]
[WhiteElo "2327"]
[BlackElo "2029"]
[WhiteICU "2280"]
[BlackICU "1883"]
[WhiteClub "Bray/Greystones"]
[BlackClub "Bray/Greystones"]
[WhiteNationality "IRL"]
[BlackNationality "IRL"]
[WhiteFideId "2500434"]
[BlackFideId "2501023"]
[PlyCount "103"]
[EventDate "2012.07.07"]
[Source "Tournament web site"]

{ Event information: <a
href="https://www.irlchess.com/irlch2012_allfiles/pairings_irlch2012.html">Tournament
report</a>. }

1. c4 Nf6 2. Nc3 e6 3. Nf3 d5 4. d4 Bb4 5. Qa4+ Nc6 6. Bg5 Bd7 7. Qb3 Bxc3+
8. Qxc3 h6 9. Bxf6 Qxf6 10. e3 O-O 11. Be2 dxc4 12. Bxc4 Rfe8 13. Rd1 Rad8
14. O-O e5 15. d5 Ne7 16. Qxe5 Qxe5 17. Nxe5 Rf8 18. e4 Nc8 19. Nxd7 Rxd7
20. Bb3 Re7 21. Rfe1 g5 22. f3 Kg7 23. Kf2 f6 24. Bc4 Nd6 25. Bf1 Rfe8 26.
Rc1 f5 27. exf5 Nxf5 28. Rxe7+ Rxe7 29. Bd3 Nd6 30. g3 Kf6 31. Bf1 Re5 32.
Rd1 Nf5 33. Rd3 Ke7 34. Bh3 Nd6 35. b3 Kf6 36. Bg4 Ke7 37. Rc3 Rxd5 38.
Rxc7+ Kf6 39. Ke2 Ra5 40. a4 Re5+ 41. Kd3 Rd5+ 42. Kc3 Rd1 43. Rh7 Kg6 44.
Re7 h5 45. Bh3 h4 46. Bg4 hxg3 47. hxg3 Kf6 48. Re6+ Kf7 49. Re5 Kf6 50. f4
gxf4 51. gxf4 Rc1+ 52. Kd4 1-0

[Event "Irish Championship 2012"]
[Site "Dublin IRL"]
[Date "2012.07.15"]
[Round "9.5"]
[White "Redmond, John P."]
[Black "King, Melvyn"]
[Result "1/2-1/2"]
[WhiteElo "2234"]
[BlackElo "1956"]
[WhiteICU "2163"]
[BlackICU "1716"]
[WhiteClub "Atticus ENG"]
[BlackClub "Malahide"]
[WhiteNationality "IRL"]
[BlackNationality "IRL"]
[WhiteFideId "2500051"]
[BlackFideId "2503379"]
[PlyCount "148"]
[EventDate "2012.07.07"]
[Source "Tournament web site"]

{ Event information: <a
href="https://www.irlchess.com/irlch2012_allfiles/pairings_irlch2012.html">Tournament
report</a>. }

1. c4 c5 2. Nf3 Nf6 3. g3 b6 4. Bg2 Bb7 5. O-O Nc6 6. Nc3 e6 7. d4 Nxd4 8.
Nxd4 Bxg2 9. Kxg2 cxd4 10. Qxd4 Bc5 11. Qd3 Qc7 12. Bg5 Qc6+ 13. Kg1 h6 14.
Bxf6 gxf6 15. Rfd1 f5 16. Nb5 h5 17. Qc3 Ke7 18. Nxa7 Qb7 19. Nb5 h4 20.
Qf3 Qxf3 21. exf3 hxg3 22. hxg3 Rh3 23. Kg2 Rah8 24. Rh1 Rxh1 25. Rxh1 Rxh1
26. Kxh1 Bxf2 27. Kg2 Be3 28. Kf1 d6 29. Ke2 Bc1 30. b3 Kd7 31. Kd3 Bb2 32.
Nd4 Ba3 33. Nc2 Bb2 34. Nd4 Ba3 35. Ne2 Kc6 36. Kc3 Kc5 37. Nf4 Bb4+ 38.
Kd3 Be1 39. Nh3 Bxg3 40. Ng5 Kb4 41. Kc2 Ka3 42. Nxf7 Kxa2 43. Nd8 e5 44.
Ne6 Ka3 45. Ng7 Bf2 46. Nxf5 Bc5 47. Ne7 Kb4 48. Nc6+ Ka3 49. Kc3 Bf2 50.
Kc2 Bc5 51. Ne7 Kb4 52. Nd5+ Ka3 53. Nc3 Kb4 54. Na2+ Ka5 55. Kd3 Ba3 56.
Nc3 b5 57. Ke4 bxc4 58. bxc4 Kb4 59. Kd3 Kb3 60. Nd5 Bc5 61. Nf6 Ba3 62.
Ne4 Bb4 63. Ng3 Bc5 64. Nf1 Bb4 65. Ne3 Bc5 66. Nc2 Bb6 67. Ne1 Kb4 68. Ng2
Bf2 69. f4 exf4 70. Nxf4 Kc5 71. Ne6+ Kc6 72. Ng5 Ba7 73. Ne4 d5 74. cxd5+
Kxd5 1/2-1/2

[Event "Irish Championship 2012"]
[Site "Dublin IRL"]
[Date "2012.07.15"]
[Round "9.6"]
[White "Gedvilaite, Monika"]
[Black "Freeman, Gordon"]
[Result "0-1"]
[WhiteElo "1954"]
[BlackElo "2140"]
[WhiteICU "1965"]
[BlackICU "2107"]
[BlackClub "Gonzaga"]
[WhiteNationality "IRL"]
[BlackNationality "IRL"]
[WhiteFideId "12809780"]
[BlackFideId "2501309"]
[PlyCount "110"]
[EventDate "2012.07.07"]
[Source "Tournament web site"]

{ Event information: <a
href="https://www.irlchess.com/irlch2012_allfiles/pairings_irlch2012.html">Tournament
report</a>. }

1. e4 d5 2. exd5 Qxd5 3. Nc3 Qa5 4. d4 Nf6 5. Nf3 c6 6. Bc4 Bf5 7. Ne5 e6
8. O-O Nbd7 9. Re1 Nxe5 10. dxe5 Nd7 11. Qe2 Bb4 12. Bd2 O-O 13. a3 Bxc3
14. Bxc3 Qc7 15. Rad1 Nb6 16. Bd3 Bxd3 17. Rxd3 Rad8 18. Rh3 Na4 19. Qh5 h6
20. Rg3 Nxc3 21. Rxc3 Rd2 22. Rg3 Rfd8 23. h3 Qb6 24. Rf1 Qxb2 25. Rb3 Qxc2
26. Rxb7 R8d7 27. Rb8+ Kh7 28. Rf8 Rd1 29. Rxd1 Qxd1+ 30. Qxd1 Rxd1+ 31.
Kh2 Kg6 32. Ra8 Rd7 33. Rc8 Rd3 34. a4 Ra3 35. Rxc6 Rxa4 36. Rc7 h5 37. Kg3
h4+ 38. Kf3 Ra3+ 39. Kg4 Ra2 40. Kxh4 Rxf2 41. g4 a5 42. Ra7 Ra2 43. Kg3 a4
44. h4 Ra3+ 45. Kf4 Ra1 46. Kg3 a3 47. h5+ Kg5 48. Ra4 Rg1+ 49. Kf3 a2 50.
Rxa2 Rxg4 51. Rh2 Kf5 52. h6 gxh6 53. Rxh6 Rf4+ 54. Ke3 Kxe5 55. Rh8 Ra4
0-1